Remote sensing energy-related studies / (Record no. 8928)

MARC details
000 -LEADER
fixed length control field 00671cam a22002172 4500
001 - CONTROL NUMBER
control field 0000019299
005 - DATE AND TIME OF LATEST TRANSACTION
control field 20151217152152.0
008 - FIXED-LENGTH DATA ELEMENTS--GENERAL INFORMATION
fixed length control field 101025s xx 000 0 eng d
020 ## - INTERNATIONAL STANDARD BOOK NUMBER
International Standard Book Number 0470906650 :
040 ## - CATALOGING SOURCE
Original cataloging agency KABU
Transcribing agency KABU
245 10 - TITLE STATEMENT
Title Remote sensing energy-related studies /
Statement of responsibility, etc. edited by T. Nejar Veziroglu.
250 ## - EDITION STATEMENT
Edition statement 1st ed.
260 ## - PUBLICATION, DISTRIBUTION, ETC. (IMPRINT)
Place of publication, distribution, etc. New York :
Name of publisher, distributor, etc. J. Wiley,
Date of publication, distribution, etc. 1975.
300 ## - PHYSICAL DESCRIPTION
Extent xv, 491 p.
650 #0 - SUBJECT ADDED ENTRY--TOPICAL TERM
Topical term or geographic name as entry element Remote sensing
Form subdivision Congresses.
-- 0000179000
650 #0 - SUBJECT ADDED ENTRY--TOPICAL TERM
Topical term or geographic name as entry element Power resources
Form subdivision Congresses.
-- 0000179001
700 1# - ADDED ENTRY--PERSONAL NAME
Personal name Veziroglu, T. Nejar.
-- 0000179002
852 1# - LOCATION
-- p500 KES
908 ## - PUT COMMAND PARAMETER (RLIN)
Put command parameter 101025
950 ## - LOCAL HOLDINGS (RLIN)
-- 1
Holdings
Withdrawn status Lost status Source of classification or shelving scheme Not for loan Home library Current library Date acquired Total Checkouts Full call number Barcode Date last seen Price effective from Koha item type
    Library of Congress Classification   Kabarak, Main Campus Kabarak, Main Campus 17/12/2015   G70.4 .R46 1975 c. 1 23815 17/12/2015 17/12/2015 General Collection
Designed with assistance from East African Informatics Ltd